Organizational change and strategy : (Record no. 2784)
[ view plain ]
| 000 -LEADER | |
|---|---|
| fixed length control field | 02879nac a22002771u 4500 |
| 090 ## - LOCALLY ASSIGNED LC-TYPE CALL NUMBER (OCLC); LOCAL CALL NUMBER (OCLC) | |
| -- | 2784 |
| 008 - FIXED-LENGTH DATA ELEMENTS--GENERAL INFORMATION | |
| fixed length control field | 080806t xxu||||| |||| 00| 0 eng d |
| 010 ## - LIBRARY OF CONGRESS CONTROL NUMBER | |
| LC control number | 2005026414 |
| 020 ## - INTERNATIONAL STANDARD BOOK NUMBER | |
| International Standard Book Number | 0415378168 (hard cover) |
| 020 ## - INTERNATIONAL STANDARD BOOK NUMBER | |
| International Standard Book Number | 0415378176 (soft cover) |
| 082 00 - DEWEY DECIMAL CLASSIFICATION NUMBER | |
| Classification number | 658.406 |
| Item number | C656 |
| 100 ## - MAIN ENTRY--PERSONAL NAME | |
| Personal name | Coghlan, David. |
| 245 10 - TITLE STATEMENT | |
| Title | Organizational change and strategy : |
| Remainder of title | an interlevel dynamics approach / |
| Statement of responsibility, etc | David Coghlan and Nicholas S. Rashford. |
| 250 ## - EDITION STATEMENT | |
| Edition statement | 1st ed. |
| 260 ## - PUBLICATION, DISTRIBUTION, ETC. (IMPRINT) | |
| Place of publication, distribution, etc | New York, NY : |
| Name of publisher, distributor, etc | Routledge,2006. |
| Date of publication, distribution, etc | 2006. |
| 300 ## - PHYSICAL DESCRIPTION | |
| Extent | xxi, 234 p. : |
| Other physical details | ill. ; |
| Dimensions | 24 cm. |
| 504 ## - BIBLIOGRAPHY, ETC. NOTE | |
| Bibliography, etc | Includes bibliographical references and index. |
| 505 0# - FORMATTED CONTENTS NOTE | |
| Formatted contents note | Levels and interlevels --Organizational levels: Theory and practice -- Action research activity 1.1 -- Case: Omega Foundation -- Interlevel dynamics -- Action research activity 2.1 -- Action research activity 2.2 -- Case: the IT investment -- Case: interlevel dynamics in extended manufacturing enterprise -- Interlevel change -- The process of learning and change -- Action research activity 3.1 -- Case: the failed acquisition -- The interlevel dynamics of large system change -- Action research activity 4.1 -- Case: Saint Joseph's University -- Phases and levels of change -- Action research activity 5.1 -- Case: A T&T long lines division -- Case: Saint Joseph's University -- The strategy process through interlevel change -- Introduction to strategy and the five strategic foci -- Framing the corporate picture -- Action research activity 7.1 -- Action research activity 7.2 -- Case: ABC Insurance company -- Case: Saint Joseph's University -- Naming the corporate words -- Action research activity 8.1 -- Action research activity 8.2 -- Case: ABC Insurance company -- Case: Diaz Steel Group -- Doing corporate analysis -- Action research activity 9.1 -- Action research activity 9.2 -- Case: Verticalnet -- Case: ABC Insurance company -- Choosing and implementing corporate actions -- Action research activity 10.1 -- Action research activity 10.2 -- Case: ABC Insurance company -- Case: Saint Joseph's University -- Evaluating corporate actions -- Action research activity 11.1 -- Action research activity 11.2 -- Case: ABC Insurance company -- Case: Exportadora Subsole S.A -- The relationships between the five strategic foci -- Integration -- The great Atlantic and Pacific Team Company case. |
| 650 #0 - SUBJECT ADDED ENTRY--TOPICAL TERM | |
| Topical term or geographic name as entry element | Organizational change. |
| 650 #0 - SUBJECT ADDED ENTRY--TOPICAL TERM | |
| Topical term or geographic name as entry element | Communication in organizations. |
| 700 1# - ADDED ENTRY--PERSONAL NAME | |
| Personal name | Rashford, Nicholas S. |
| 856 41 - ELECTRONIC LOCATION AND ACCESS | |
| Materials specified | Table of contents only |
| Uniform Resource Identifier | <a href="http://www.loc.gov/catdir/toc/ecip0519/2005026414.html">http://www.loc.gov/catdir/toc/ecip0519/2005026414.html</a> |
| 856 41 - ELECTRONIC LOCATION AND ACCESS | |
| Materials specified | Publisher description |
| Uniform Resource Identifier | <a href="http://www.loc.gov/catdir/enhancements/fy0659/2005026414-d.html">http://www.loc.gov/catdir/enhancements/fy0659/2005026414-d.html</a> |
| 942 ## - ADDED ENTRY ELEMENTS (KOHA) | |
| Item type | Book - Borrowing |
| Call number prefix | 658.406C656 |
| Source of classification or shelving scheme | Dewey Decimal Classification |
| Withdrawn status | Item status | Damaged status | Not for loan | Home library | Current library | Shelving location | Date acquired | Source of acquisition | Total Checkouts | Total Renewals | Full call number | Barcode | Date last seen | Date last borrowed | Koha item type |
|---|---|---|---|---|---|---|---|---|---|---|---|---|---|---|---|
| Central Library | Central Library | First floor | 05/03/2007 | Purchase | 6 | 4 | 658.406 COG | 000001299 | 15/07/2025 | 27/11/2014 | Book - Borrowing |